Statistics for Easy general knowledge #1

Click here to take the quiz!

General Stats

  • This quiz has been taken 187 times
    (176 since last reset)
  • The average score is 11 of 15

Answer Stats

HintAnswer% Correct
What is the fastest catCheetah
94%
Who sings PokafaceLady gaga
90%
How many star are on Captain Americas shieldOne
90%
What band is Harry Styles inOne Direction
89%
Who is now the America presidentDonald Trump
88%
From some jokes what animal crosses the roadChicken
87%
The dad from the SimpsonsHomer
85%
How many star are on the Australia flag6
79%
The villian from BatmanJoker
79%
How old is Bart simpson10
76%
Who was the man that stole from the rich to give to the poorRobinhood
71%
Who sang the remix of DepacitoJustin Bieber
60%
The queen of iceElsa
46%
What is Homer Simpson favourite foodDoughnuts
40%
The king of iceJack frost
14%

Score Distribution

Percentile by Number Answered

Percent of People with Each Score

Your Score History

You have not taken this quiz since the last reset